Une lettre suffit pour répondre juste #64 (attention 10 lettres tuent) - Statistiques

Statistiques générales
  • Ce quiz a été pris 60 fois
  • Le résultat moyen est 3 sur 6
Statistiques - réponses
Hint Réponse % Correct
Donne une des 5 lettres du nom de la procédure annuelle utilisée dans tous les sports collectifs nord-américains consistant à réserver ou choisir, transférer et intégrer des joueurs dans un nouveau club suivant des règles précises. (comparable à une bourse aux joueurs et appelée repêchage au Québec) : La _ _ _ _ _ DRAFT
100%
Donne une des 4 lettres du mot qui peut désigner : - le nom vernaculaire donné à certains rapaces diurnes, de la famille des Accipitridae (le rapace le plus commun en France) - un embout permettant la pulvérisation - un gros tuyau enterré - une bière artisanale brassées à Villars-Sainte-Croix dans le Canton de Vaud en Suisse - une personne sotte et ignorante : Triple _ _ _ _ BUSE
82%
Donne une des 3 lettres des initiales de cette femme politique qui a été Ministre de l'Écologie, du Développement durable, des Transports et du Logement entre 2010 à 2012 : _ _ _
NKM
54%
Donne une des 2 lettres des initiales du prénom de ce monsieur :
PJ (Pierre-Jean Chalençon)
38%
Donne la lettre qui termine le nom de 6 des 11 titulaires brésiliens de la finale de la coupe du Monde de Football 1998 O
(Baiano/ Sampaio/ Rivaldo/ Leonardo/ Bebeto/ Ronaldo)
32%
Donne la lettre par laquelle commence 4 des 10 plus grandes villes de la région Pays de la Loire (en 2022) L (Le Mans, La Roche-sur-Yon, Laval, Les Sables-d'Olonne)
16%
Aucun quiz correspondant
Distribution des résultats
% des personnes avec chaque résultat
Percentile par nombre de réponses
Votre historique - résultats
Vous n’avez pas pris ce quiz